| 000 | 00493nam a22001937a 4500 | ||
|---|---|---|---|
| 003 | CEME | ||
| 005 | 20210628205653.0 | ||
| 008 | 210312b xxu||||| |||| 00| 0 eng d | ||
| 020 | _a81-203-1149-3 | ||
| 040 | _c. | ||
| 082 | _a658 STE | ||
| 100 |
_aEl-Ansary, Adel.I Coughlan, Anne.T Stern, Louis.W _976557 |
||
| 245 | _aMarketing channels | ||
| 250 | _a5TH | ||
| 260 |
_aNEW DELHI _bPRENTICE HALL _c1996 |
||
| 300 | _a576P | ||
| 650 |
_aMARKETING-MANAGEMENT _913752 |
||
| 942 |
_cBK _2ddc |
||
| 999 |
_c581930 _d581930 |
||